000 01000nam0a22002771 4500
001 RU\NLR\INFOCOMM_190\5000023549
005 20250613090358.0
035 _a(NLR Aleph) 009064605
090 _a7884979
_c7884979
100 _a20081015d1970 |||y0rusy50 ca
101 0 _ager
102 _aRU
105 _ay z 100zy
200 1 _aProbleme der Kontinuität afrikanischer Staaten während und nach der Periode europäischer Kolonialherrschaft
_fFranz Ansprenger (BRD)
_gXIII. Internationaler Kongress der historischen Wissenschaften, Moskau, 16-23 August 1970
210 _aМ.
_cNauka
_d1970
215 _a25 с. включ. обл.
_d20 см
320 _aБиблиогр. в примеч.: с. 23-25
686 _aПЗ-105
_2rubbk
700 1 _aAnsprenger
_bF.
_f1927-
_gFranz
_4070
712 0 2 _aInternationaler Historikerkongress
_d13
_eMoskau
_f1970
_4570
801 1 _aRU
_bNLR
_c20081015
801 0 _aRU
_bNLR
_gPSBO
852 _aNLR
_jП11 Д-4/15
942 _cBOOK
980 _aNB